| 000 | 00000nam##2200000za#4500 |
| 001 | 9.574397 |
| 003 | CaOODSP |
| 005 | 20210624184150 |
| 007 | cr ||||||||||| |
| 008 | 150406|2010||||xxc|||||o f|0| 0 eng|d |
| 022 | |a1488-5379 |
| 040 | |aCaOODSP|beng |
| 043 | |an-cn--- |
| 086 | 1 |aFs97-6/2848E-PDF |
| 110 | 1 |aCanada. |bDepartment of Fisheries and Oceans. |
| 245 | 12|aA two-year comparison of spawning and spat settlement cycles in blue mussels (Mytilus edulis) from a salmon farm and its implications for Integrated Multi-trophic Aquaculture (IMTA) in the Bay of Fundy. / |h[electronic resource]|cby T. R. Lander ... [et al.]. |
| 260 | |aNanaimo - British Columbia : |bFisheries and Oceans Canada |cJanuary 2010. |
| 300 | |a32p.|bgraphs, references, tables, photographs |
| 490 | 1 |aCanadian technical report of fisheries and aquatic sciences|x1488-5379|vNo. 2848 |
| 500 | |aThe catalogue number (Fs97-6/2848) and ISSN (0706-6457) for the print edition have been incorrectly copied in this electronic publication. |
| 546 | |a(Résumé en français) |
| 590 | |a12-33-Supp|b2012-07-18 |
| 720 | 1 |aLander, T. R. |
| 776 | 0#|tA two-year comparison of spawning and spat settlement cycles in blue mussels (Mytilus edulis) from a salmon farm and its implications for Integrated Multi-trophic Aquaculture (IMTA) in the Bay of Fundy / |w(CaOODSP)9.619801 |
| 830 | #0|aCanadian technical report of fisheries and aquatic sciences,|x1488-5379|vNo. 2848|w(CaOODSP)9.504449 |
| 856 | 40|ahttp://publications.gc.ca|qPDF|s360 KB|uhttps://publications.gc.ca/collections/collection_2012/mpo-dfo/Fs97-6-2848-eng.pdf|yNo. 2848 |